Disproporcia v zdaňovaní vyplácaných podielov na zisku (dividend) v závislosti od typu obchodnej spoločnosti v SR

Legislatívne východiská zdaňovania príjmov fyzických osôb v Slovenskej republike s dôrazom na zdaňovanie podielov na zisku. Disproporcia v daňovo-odvodovom zaťažení vyplácaných podielov na zisku pre konateľa spoločnosti s ručením obmedzeným a akciovej spoločnosti. Návrh možnej legislatívnej úpravy e...

Full description

Saved in:
Bibliographic Details
Main Author: Zubaľová, Alena, 1959-
Other Authors: Korytárová, Zuzana
Format: Book Chapter
Language:Slovak
Subjects:
Tags: Add Tag
No Tags, Be the first to tag this record!

MARC

LEADER 00000naa$a2200000$$$4500
001 0261146
005 20240502074138.8
041 0 |a slo 
044 |a SK 
245 1 0 |a Disproporcia v zdaňovaní vyplácaných podielov na zisku (dividend) v závislosti od typu obchodnej spoločnosti v SR  |c Alena Zubaľová, Zuzana Korytárová 
520 |a Legislatívne východiská zdaňovania príjmov fyzických osôb v Slovenskej republike s dôrazom na zdaňovanie podielov na zisku. Disproporcia v daňovo-odvodovom zaťažení vyplácaných podielov na zisku pre konateľa spoločnosti s ručením obmedzeným a akciovej spoločnosti. Návrh možnej legislatívnej úpravy existujúcej disproporcie v zdaňovaní dividend. 
610 2 0 |a spoločnosti obchodné 
610 2 0 |a spoločnosti s r.o. 
610 2 0 |a spoločnosti akciové 
610 2 0 |a podiely na zisku 
610 2 0 |a dividendy 
610 2 0 |a konatelia 
610 2 0 |a odvody 
610 2 0 |a dane z príjmov 
610 2 0 |a odmeňovanie 
610 2 0 |a legislatíva 
100 1 |a Zubaľová, Alena, 1959- 
700 1 |a Korytárová, Zuzana